| 000 | 00732cab a2200229 4500 | ||
|---|---|---|---|
| 001 | WB3442-18 | ||
| 008 | 090401t1998 xxu||||| |||| 00| 0 eng d | ||
| 035 | _a(Sirsi) u89455 | ||
| 041 | _aeng | ||
| 245 | _aNew rules force out NAV benchmark | ||
| 260 | _c1998 | ||
| 350 | _a0 | ||
| 490 |
_aProperty Week _v63(27) 30 October 1998, 12(1) |
||
| 520 | _aNew accounting standards introduced in "Derivatives and other financial instruments" (FRS 13) will push aside net asset values in favour of fair values. | ||
| 650 | _aACCOUNTING STANDARDS | ||
| 650 | _aFAIR VALUE | ||
| 650 | _aNET ASSET VALUE | ||
| 650 | _aPROPERTY ACCOUNTS | ||
| 690 | _aPROPERTY-PROPERTY FINANCE AND INVESTMENT | ||
| 942 | _n0 | ||
| 948 | _c03/11/1998 | ||
| 999 |
_c56595 _d56595 |
||